1490 1775 1640 1138 1546 1517 1565 1408 1294 1974 1711 1287 1817 1299 1375 1816 1228 1118 1157 1640 1463 1142 1851 1696 1000 1422 1372 1382 1166 1635 1090 1406 1041 1186 1782 1902 1983 1273 1596 1979 1638 1308 1110 1198 1371 1819 1284 1780 1751 1525 1793 1778 1471 1609 1019 1663 1988 1668 1662 1374 1700 1496 1418 1310 1242 1701 1261 1810 1529 1799 1004 1206 1434 1089 1740 1130 1657 1423 1902 1244 1568 1178 1424 1561 1405 1502 1823 1401 1582 1352 1954 1760 1108 1686 1916 1153 1875 1313 1318 BCNSPRNW ULIB Ver.6.0+V

เปลี่ยนเป็นภาษาไทย

Change to English
 แสดงรายละเอียดบรรณานุกรม
  กลับหน้าหลัก

Brief Record : Get Marc (ISO 2709) : E-mail record : QR code < ปิดหน้าต่าง
LEADER : 00000nam 2200000uu 4500
001    13399120601
003     ULIB
008    120928s2550||||th 000 0 tha d
020    ^a9749245407
060 04 ^aWY150^bร765ค 2550
099    ^aเรณู อาจสาลี
245 10 ^aคำศัพท์การพยาบาลผู้ใหญ่ /^cเรณู อาจสาลี
250    ^aพิมพ์ครั้งที่ 3
260    ^aกรุงเทพฯ :^bคณะพยาบาลศาสตร์ มหาวิทยาลัยมหิดล,^c2550
300    ^a187 หน้า
650  7 ^aการพยาบาลผู้ใหญ่^xคำศัพท์
710 2  ^aมหาวิทยาลัยมหิดล^bคณะพยาบาลศาสตร์
945    ^p55^l0^i14964
995    ^a วิภา
999 ^a ใช้งานได้ทุกระบบ
รายการนี้ยังไม่มีแท็ก
คุณยังไม่ได้ล็อกอิน คุณสามารถมีกิจกรรมร่วมกับเว็บไซต์ได้ แต่ต้องล็อกอินก่อน ::
  ล็อกอิน

รายการสื่อสารสนเทศ

ลำดับที่ ประเภท เลขเรียก/บาร์โค้ด สถานที่ สถานะ
1. วิทยาศาสตร์การแพทย์ และสุขภาพ
วิทยาศาสตร์การแพทย์ และสุขภาพ
เรณู อาจสาลี WY150 ร765ค 2550  
  Barcode: 14964
ห้องสมุดวิทยาเขตสวรรค์ประชารักษ์
►ส่วนจัดเก็บหนังสือเก่า สปร
บนชั้น
  ขอยืม

BibComment


ยังไม่เคยถูกคอมเมนท์

คอมเมนท์ทรัพยากรรายการนี้
  คอมเมนท์: คำศัพท์การพยาบาล..


 Copyright 2026. Bcnsprnw @Library